000 00716nam a2200229Ia 4500
001 16033
003 GE_BSU
008 181216s||||||||xx |||||||||||||| ||und||
040 _cGE_BSU
080 _a821.353.1-31
100 _aჯაფარიძე, რევაზ
245 _aჯარისკაცის ქვრივი
245 _bრომანი
245 _cრედ.თ.ცინცაძე.მხ.დ.დუნდუა
260 _aთბილისი
260 _bსაბჭ. საქართველო
260 _c1976
300 _a705გვ. ; 21სმ
653 _aრომანი
653 _aჯარისკაცის ქვრივი
942 _cBK
999 _c49123
_d49123